Figuras inéditas del Barranco de la Valltorta / por Ramón Viñas
Descripción Física:
p. 1-34 : il. ; 27 cm
Colección:
Monografies ; 59
MARC
| LEADER | 00000nam a2200000Ia 4500 | ||
|---|---|---|---|
| 001 | 7825 | ||
| 008 | 160829s1979 - 80 xx 000 0 cat d | ||
| 080 | |a FU-21-44 | ||
| 100 | |a Viñas i Vallverdú, Ramon |9 34023 | ||
| 245 | |a Figuras inéditas del Barranco de la Valltorta / por Ramón Viñas | ||
| 260 | |a Barcelona : |b Diputació. Institut de Prehistòria i Arqueologia, |c 1979 - 80 | ||
| 300 | |a p. 1-34 : |b il. ; |c 27 cm | ||
| 490 | |a Monografies ; 59 | ||
| 590 | |a Separata d'Ampurias ; 41-42 | ||
| 650 | |a Valltorta, Barranc de la (Castelló de la Plana : Jaciment arqueològic) |9 34024 | ||
| 650 | |a Pintura rupestre |x Valltorta, Barranc de la (Castelló de la Plana) |9 34025 | ||
| 650 | |a Art prehistòric |x Valltorta, Barranc de la (Castelló de la Plana) |9 34027 | ||
| 651 | 0 | |a Castelló de la Plana (País Valencià) |x Arqueologia |9 56114 | |
| 710 | 2 | |a Institut de Prehistòria i Arqueologia (Barcelona, Catalunya) |9 52785 | |
| 901 | |a Arxiu | ||
| 942 | |n 1 | ||
| 952 | |0 0 |1 0 |4 0 |6 FU2144 |7 1 |9 46348 |a Arxiu |b Arxiu |d 2016-12-01 |l 0 |o FU-21-44 |p 7825 |r 2016-12-01 00:00:00 |w 2016-12-01 |y ARXIU | ||
| 999 | |c 50133 |d 50133 | ||